Polski Alfabet – Litery w Kolejności - Statystyki

Ogólne statystyki
  • Ten quiz został rozwiązany 74 razy
  • Średni wynik to 31 z 32
Statystyki odpowiedzi
Odpowiedź % Poprawnych
A
100%
Ą
100%
B
98%
C
98%
Ć
98%
D
98%
E
98%
Ę
98%
F
98%
G
98%
H
98%
I
98%
J
98%
K
98%
L
98%
Ł
98%
M
98%
N
98%
Ń
93%
O
93%
Ó
93%
P
93%
R
93%
S
93%
Ś
93%
T
93%
U
93%
W
90%
Y
90%
Z
90%
Ź
90%
Ż
90%
Nie znaleziono quizów pasujących do podanych kryteriów
Rozkład punktacji
Procent ludzi z każdym wynikiem
Percentyl według liczby udzielonych odpowiedzi
Twoja historia wyników
Nie rozwiązałeś tego quizu